000 00308nam a22001337a 4500
008 171031b xxu||||| |||| 00| 0 eng d
020 _a9780877792314
041 _aeng
080 _22ND
_a33
100 _a58
101 _aBUS
245 _aGUIDE TO BUSINESS CORRESPONDENCE
_cWEBSTER'S,M
942 _2udc
_cBK
999 _c36747
_d36747